| 000 | 00453cam a2200181 4500 | ||
|---|---|---|---|
| 001 | D10873 | ||
| 008 | 090401t1982 xxu||||| |||| 00| 0 eng d | ||
| 035 | _a(Sirsi) u96908 | ||
| 041 | _aeng | ||
| 050 | _a016.62742 | ||
| 110 |
_aThe Institution of Civil Engineers _91317 |
||
| 245 | _aBibliography on Thames Barrier/Barrage schemes | ||
| 260 | _c1982 | ||
| 350 | _a0 | ||
| 520 | _aIn Presidential address 1982 | ||
| 942 | _n0 | ||
| 948 | _c04/03/1997 | ||
| 999 |
_c98718 _d98718 |
||